Logo BPK

Biblioteka

Politechniki Koszalińskiej

From slavery to freedom : (Rekord nr 47918)

Szczegóły MARC
000 -ETYKIETA REKORDU
podpole kontrolne o stałej długości 00712nam a2200229 i 4500
001 - NUMER KONTROLNY REKORDU
pole kontrolne bgj
020 ## - MIĘDZYNARODOWY ZNORMALIZOWANY NUMER KSIĄŻKI - ISBN
ISBN 007554041X
040 ## - ŹRÓDŁO KATALOGOWANIA
Instytucja, która utworzyła rekord BPK
041 0# - KOD JĘZYKA
Kod języka tekstu eng
920 ## - Międzynarodowy znormalizowany numer książki – ISBN
ISBN 0-07-554041-X
008 - POLE O STAŁEJ DŁUGOŚCI - DANE KONTROLNE
podpole kontrolne o stałej długości s uk f |000 0 eng
100 1# - NAZWA OSOBOWA
Nazwa osobowa FRANKLIN, John Hope
Daty związane z nazwą (1915- )
245 10 - TYTUŁ/ODPOWIEDZIALNOŚĆ
Tytuł From slavery to freedom :
Ciąg dalszy tytułu a history of Negro Americans /
Pozostałe elementy strefy tytułu i oznaczenia odpowiedzialności John Hope Franklin.
250 ## - STREFA WYDANIA
Oznaczenie wydania 6th ed.
260 ## - STREFA ADRESU WYDAWNICZEGO
Miejsce wydania New York [etc.] :
Nazwa wydawcy/dystrybutora McGraw-Hill, Inc.,
Data publikacji, dystrybucji/powstania dokumentu c. 1988.
300 ## - STREFA OPISU FIZYCZNEGO
Objętość XXII, [1], 582 pp :
Inne cechy fizyczne ill. ;
Rozmiary 24 cm.
505 ## - SFORMALIZOWANA UWAGA DOTYCZĄCA ZAWARTOŚCI
Pełny tekst uwagi Includes index and bibliographical references.
650 #9 - HASŁO PRZEDMIOTOWE W FORMIE NAZWY OGÓLNEJ LUB JEDNOSTKOWEJ
Nazwa ogólna lub geograficzna Afro-Americans
Określnik ogólny History
651 #9 - HASŁO PRZEDMIOTOWE W FORMIE NAZWY GEOGRAFICZNEJ
Nazwa geograficzna United States
Określnik ogólny History
700 1# - HASŁO DODATKOWE - NAZWA OSOBOWA
Nazwa osobowa MOSS, Alfred A.
Dopowiedzenie (Jr. ;
Daty związane z nazwą 1943- )
856 ## - LOKALIZACJA I DOSTĘP DO ELEKTRONICZNYCH DOKUMENTÓW ZDALNYCH
Link (URL) http://koha.tu.koszalin.pl/cgi-bin/koha/opac-detail.pl?biblionumber=47918
Tekst linku Katalog online BPK
942 ## - DODATKOWE ELEMENTY (KOHA)
Typ dokumentu Książka
Egzemplarze
Wycofany Status egzemplarza Uszkodzony Dostępność Lokalizacja stała Lokalizacja bieżąca Miejsce przechowywania Sygnatura Kod kreskowy Typ dokumentu
      Dostępny Biblioteka Politechniki Koszalińskiej Biblioteka Politechniki Koszalińskiej Wypożyczalnia Językowa KA 4691 09019461 Książka
© 2023 Biblioteka Politechniki Koszalińskiej :: KOHA